000 02049cam a22004814i 4500
003 PE-LiUPU
005 20250731173305.0
008 150625s r 000 0 d
020 _a8479146109
035 _a(Sirsi) i9788479146108
040 _aPE-LiUPU
_bspa
_cPE-LiUPU
_erda
049 _aPRUA
082 0 4 _a239.08
_bS
_221
100 1 _aFlecha Andrés, José-Román,
_eautor.
245 1 0 _aMoral de la persona :
_bAmor y sexualidad.
_n28 /
_cJosé-Román Flecha Andrés.
264 1 _aMadrid :
_bBiblioteca de Autores Cristianos,
_c2002.
300 _a304 p. ;
_c22 centímetros
336 _atext
_2rdacontent
337 _aunmediated
_2rdamedia
338 _avolume
_2rdacarrier
490 0 _aSapientia Fidei. Serie de Manuales de Teología Moral ;
_v28
504 _aIncluye referencias bibliográficas.
505 0 _aLa persona humana. -Antropología de la sexualidad. -Criterios para una ética de la sexualidad. -Comprensión bíblica de la sexualidad. -Responsabilidad ante el cuerpo y el placer. -Responsabilidad del amor y de la vida. -Autoerotismo y masturbación. -Homoerotismo y homosexualidad. -Relaciones sexuales fuera del matrimonio. -Procreación responsable. -Don y opción del celibato. -Educación de la sexualidad. -.
526 _aSEG42
526 _aSEG41
526 _aSEG40
526 _aSEG39
526 _aP94
526 _aP87
526 _aP86
526 _aP85
526 _aP77
526 _aP76
526 _aP35
541 _g007-0017628;
650 0 4 _aRelaciones sexuales prematrimoniales.
650 0 4 _aSexualidad
_xCristianismo.
942 _2ddc
_cBOOK
949 _a239.08 S 28
_wDEWEY
_c1
_i55886
_lCCODEBUL1
_mBUL
_p17.00
_r0
_sY
_tBOOK
_u2015-6-25
_xTEOLOGIA
_zUNKNOWN
_0COMPRA
_o.STAFF. Colección General
994 _aC0
_bPEPRU
596 _a1
999 _a239.08 S 28
_wDEWEY
_c44722
_i55886
_f2021-11-10
_g5
_lCCODEBUL1
_mBUL
_p17.00
_r0
_sY
_tBOOK
_u2015-6-25
_xTEOLOGIA
_zUNKNOWN
_0COMPRA
_o.STAFF. Colección General
_d44722
980 _81
_gALBERTO SANCHEZ Responsable de Automatización